000 00640nam a2200205Ia 4500
999 _c36015
_d36015
001 1914
003 GE_BSU
005 20221010145549.0
008 181216s2006ru xx |||||||||||||| ||rus||
040 _cGE_BSU
041 _arus
080 _a355\359(035):34(035) Ю-70
245 _aЮридический справочник военнослужащего
260 _bРостов Н\Д :
264 _bФеникс,
_c2006.
300 _a313 с.
653 _aЮридический справочник военнослужащего
653 _aიურიდიული გზამკვლევი
942 _cBK
_2udc